[Event "SLO-chT2 East"]
[Site "Slovenia"]
[Date "2014.09.27"]
[Round "2"]
[White "Savic, Zdravko"]
[Black "Bukosek, Anton"]
[Result "1/2-1/2"]
[WhiteElo "1926"]
[BlackElo "1522"]
[PlyCount "62"]
[EventDate "2014.09.13"]
[EventType "team-tourn"]
[EventRounds "9"]
[EventCountry "SLO"]
[SourceTitle "EXT 2019"]
[Source "ChessBase"]
[SourceDate "2018.10.10"]
[SourceVersion "1"]
[SourceVersionDate "2018.10.10"]
[SourceQuality "1"]
[WhiteTeam "Maribor ZSK III"]
[BlackTeam "Gornja Radgona"]
[WhiteTeamCountry "SLO"]
[BlackTeamCountry "SLO"]

1. Nf3 Nc6 2. d4 d5 3. g3 h6 4. Bg2 Nf6 5. 0-0 e6 6. Nbd2 Bd6 7. c4 b6 8. a3 Bd7 9. b4 dxc4 10. Nxc4 b5 11. Nxd6+ cxd6 12. Qd3 d5 13. Bf4 Qe7 14. Rac1 0-0 15. Ne5 Rac8 16. h4 a6 17. Bf3 Nxe5 18. dxe5 Nh7 19. Be3 Rfe8 20. Bc5 Qd8 21. Qe3 Bc6 22. Bd6 Qd7 23. Rc2 d4 24. Qxd4 Bxf3 25. Rxc8 Rxc8 26. exf3 Qc6 27. Qd3 Nf8 28. Bxf8 Rxf8 29. Rd1 Rc8 30. Kg2 Qc3 31. g4 f6 1/2-1/2